=LDR 00000nam 2200000 4500 =001 INLIS000000000038511 =005 20130612144158 =008 ***********************************Ind** =035 ##$$0010-061300000038511 =041 ##$$a Ind =082 ##$$a 641.5 =090 ##$$a 641.5, Win c =100 ##$$a Winata, Mary =245 ##$$a Chinese food favorit ala resta, Oleh Mary Winata; Editor, Intarina Hardiman =260 ##$$a 2007 $b Jakarta =300 ##$$a 38 hlm, Ilus, 22 cm =650 ##$$a Masakan - Resep =700 ##$$a Hardiman, Intarina =850 ##$$a NBPNMAT =990 ##$$a 21601814/BPAP-NTB/2017